| 000 | 00442nam a2200205Ia 4500 | ||
|---|---|---|---|
| 001 | 14353 | ||
| 003 | GE_BSU | ||
| 008 | 181216s||||||||xx |||||||||||||| ||und|| | ||
| 020 | _a9780752884318 | ||
| 040 | _cGE_BSU | ||
| 080 | _a821.111-311.4 | ||
| 100 | _aJurado,Juan Gomez | ||
| 245 | _aContract with god | ||
| 260 | _aLondon | ||
| 260 | _bOrion | ||
| 260 | _c2007 | ||
| 300 | _a433p.20cm. | ||
| 653 | _aContract with god | ||
| 942 | _cBK | ||
| 999 |
_c47489 _d47489 |
||